01121nam a2200193Ia 4500001001100000003001000011008004100021040002500062041001300087100001700100245006800117250001100185260005100196300001200247500026200259501011400521520026200635650003000897L951-43915IT-CnALBA170116s9999||||xx |||||||||||||| ||und|| aIT-CnALBAcIT-CnALBA aITALIANO aCAUSA CESARE 0aGUERRA ITALO-TURCA E CONQUISTA DELLA TRIPOLITANIA E CERENAICA.  a2a ed. a FIRENZEbSALANI ADRIANO, CASA EDITRICE cn.d. a805 p.  aILLUSTRAZIONI NEL TESTO E TAVOLE FUORI TESTO. FOTOGRAFIE DISEGNI. CARTE GEOGRAFICHE. QUESTIONE DI TRIPOLI. FATTI DI GUERRA. OCCUPAZIONE. SBARCO DELLE TRUPPE. SCIARA SCIAT. RIVINCITA. GUERRIGLIA. VOLONTÀ DI ITALIA. TRIPOLI ITALIANA. GRANDE GUERRA. RITORNO  aSocietà San Paolo EM - Piazza San Paolo, 14 - 12051 ALBA (CN) (non commercial uses only) ® Copyright 2017 aILLUSTRAZIONI NEL TESTO E TAVOLE FUORI TESTO. FOTOGRAFIE DISEGNI. CARTE GEOGRAFICHE. QUESTIONE DI TRIPOLI. FATTI DI GUERRA. OCCUPAZIONE. SBARCO DELLE TRUPPE. SCIARA SCIAT. RIVINCITA. GUERRIGLIA. VOLONTÀ DI ITALIA. TRIPOLI ITALIANA. GRANDE GUERRA. RITORNO  aGUERRE COLONIALI ITALIANE